000 00425cam a2200169ua 4500
020 _c3.50
041 _ahin
_h
082 _a891.54
_bSHI/AA
100 _aShivadan Singh, Chohan .
245 _aAalochana ke siddanth /
_cShivadan Singh Chouhan.
_hTextual Documents
260 _aDelhi :
_bRajkamal Prakashan ,
_c1960.
300 _a185 ; .
365 _a3.50
504 _a
942 _cBK
999 _c11470
_d11470